[Event "Velammal-AICF Women GM 2019"]
[Site "Chennai"]
[Date "2019.02.03"]
[Round "10"]
[White "Nakhbayeva, Guliskhan"]
[Black "Varshini, V."]
[Result "1/2-1/2"]
[WhiteElo "2336"]
[BlackElo "2171"]
[Annotator "NA"]
[PlyCount "78"]
[EventDate "2019.01.28"]
[EventType "swiss"]
[EventCountry "IND"]
[SourceTitle "playchess.com"]
[Source "ChessBase"]
[SourceQuality "1"]
[TimeControl "5400+30"]

{[%evp 16,78,22,14,18,16,21,11,9,32767,11,7,19,0,0,0,0,-25,-28,-21,-5,-22,-6,-29,-14,-19,-31,-25,-35,-29,-17,-59,-39,-51,-42,32767,-44,32767,32767,32767,32767,32767,32767,32767,32767,32767,32767,32767,32767,32767,32767,-98,-50,-110,0,-9,0,0,0,-14,32767,0,0,0,0]} 1. d4 {[%emt 0:00:28]} d5 {[%emt 0:00:00]} 2. c4 {[%emt 0:00:11]} e6 {[%emt 0:00:04]} 3. Nc3 {[%emt 0:00:04]} Nf6 {[%emt 0:00:04]} 4. cxd5 {[%emt 0:00:09]} exd5 {[%emt 0:00:05]} 5. Bg5 {[%emt 0:00:08]} Be7 {[%emt 0:00:14]} 6. Qc2 {[%emt 0:00:11]} c6 {[%emt 0:00:17]} 7. e3 {[%emt 0:00:13]} Nbd7 {[%emt 0:00:14]} 8. Bd3 {[%emt 0:00:06]} Nf8 {[%emt 0:01:03]} 9. Nf3 {[%emt 0:02:30]} Ne6 {[%emt 0:02:16]} 10. Bh4 {[%emt 0:00:17]} g6 {[%emt 0:02:40]} 11. h3 {[%emt 0:00:16]} O-O {[%emt 0:10:32]} 12. g4 {[%emt 0:01:56]} c5 {[%emt 0:04:43]} 13. dxc5 {[%emt 0:00:54]} Nxc5 {[%emt 0:05:01]} 14. O-O-O {[%emt 0:00:36]} Be6 {[%emt 0:02:40]} 15. Nd4 {[%emt 0:08:12]} Rc8 {[%emt 0:02:44]} 16. Bxf6 {[%emt 0:05:10]} Bxf6 {[%emt 0:01:44]} 17. Kb1 {[%emt 0:00:05]} Bd7 {[%emt 0:16:56]} 18. Qd2 {[%emt 0:03:29]} ({But not} 18. Nxd5 Bxd4 19. exd4 Ba4 $17 {[%mdl 64] Skewer}) 18... Na4 {[%emt 0:11:30]} 19. Nxa4 {[%emt 0:07:47]} Bxa4 {[%emt 0:01:44]} 20. Bc2 {[%emt 0:00:56]} Bxc2+ {[%emt 0:02:04]} 21. Nxc2 {[%emt 0:00:01]} Qb6 {[%emt 0:00:41]} 22. Qb4 {[%emt 0:09:56]} Qe6 {[%emt 0:02:33]} 23. Qb3 {[%emt 0:07:54]} Rfd8 {[%emt 0:07:38]} 24. f3 {[%emt 0:06:27]} Rc4 {[%emt 0:12:24]} 25. Rd2 {[%emt 0:08:23]} Rd6 {[%emt 0:01:47]} 26. Nd4 {[%emt 0:11:57]} Bxd4 {[%emt 0:03:05]} 27. Rxd4 {[%emt 0:01:31]} Rxd4 {[%emt 0:01:22]} 28. exd4 {[%emt 0:00:01]} Qe2 {[%emt 0:02:51]} 29. Qxb7 {[%emt 0:03:16]} Qxf3 {[%emt 0:02:19]} 30. Rc1 {[%emt 0:02:26]} Qe4+ {[%emt 0:01:29]} 31. Ka1 {[%emt 0:00:10]} Rb6 {[%emt 0:01:00]} 32. Qc8+ {[%emt 0:05:24]} Kg7 {[%emt 0:00:06]} 33. Qc3 {[%emt 0:01:06]} Re6 {[%emt 0:00:46]} 34. a4 {[%emt 0:01:15]} (34. a3 $1 $15) 34... Qe2 {[%emt 0:01:02]} (34... Qf4 $17 35. Kb1 Re3) 35. Ka2 {[%emt 0:04:44]} Ra6 {[%emt 0:01:09]} 36. Ka3 {[%emt 0:03:31]} Re6 {[%emt 0:00:29]} 37. Ka2 {[%emt 0:01:23]} Ra6 {[%emt 0:00:19]} 38. Qb4 {[%emt 0:00:45]} Rb6 {[%emt 0:00:16]} 39. Qc3 {[%emt 0:01:44]} Ra6 $11 1/2-1/2

[Event "Velammal-AICF Women GM 2019"]
[Site "Chennai"]
[Date "2019.02.03"]
[Round "10"]
[White "Uuriintuya, Uurtsaikh"]
[Black "Munguntuul, Batkhuyag"]
[Result "1-0"]
[WhiteElo "2314"]
[BlackElo "2428"]
[Annotator "TA"]
[PlyCount "71"]
[EventDate "2019.01.28"]
[EventType "swiss"]
[EventCountry "IND"]
[SourceTitle "playchess.com"]
[Source "ChessBase"]
[SourceQuality "1"]

{[%evp 24,71,25,0,0,0,27,26,34,21,56,0,0,0,16,-1,12,0,0,6,9,6,183,187,200,199,192,179,166,166,436,414,580,572,752,750,750,772,786,774,735,635,971,945,1582,1544,1466,1552,1309,1037]} 1. e4 c5 2. Nf3 e6 (2... d6 3. d4 cxd4 4. Nxd4 Nf6 5. Nc3 a6 6. Be3 Ng4 7. Bc1 Nc6 8. Be2 Nf6 9. O-O {½-½ (39) Saric,I (2567)-Salgado Lopez,I (2595) Khanty-Mansiysk 2010}) 3. d4 cxd4 4. Nxd4 Nc6 5. Nc3 d6 $146 ({Predecessor:} 5... a6 6. Be2 d6 7. O-O {0-1 (41) Uuriintuya,U (2216)-Agibileg,U (2302) Harbin 2018}) 6. Be2 Nf6 7. O-O a6 8. Be3 Be7 9. f4 Bd7 (9... O-O 10. Qe1 Bd7 11. Qg3 Nxd4 12. Bxd4 Bc6 {½-½ (39) Saric,I (2567)-Salgado Lopez,I (2595) Khanty-Mansiysk 2010}) 10. a4 Nxd4 11. Bxd4 Bc6 12. Qd3 O-O 13. Qg3 g6 {B85: Sicilian Scheveningen: 6 Be2 a6, lines with early Be3} (13... Qa5 14. Bd3 Rae8 15. Kh1 Qb4 16. Ne2 g6 17. Qe3 e5 18. Bc3 Qc5 19. Qxc5 dxc5 20. Ng3 exf4 21. Rxf4 {½-½ (39) Saric,I (2567)-Salgado Lopez,I (2595) Khanty-Mansiysk 2010}) 14. Qe3 Nd7 {[#] And now ...e5 would win.} 15. Rad1 Qa5 {White has an edge.} 16. Qd2 {Threatens to win with b4!} ({Predecessor:} 16. Rd2 Bf6 17. f5 exf5 18. exf5 Rad8 19. Bxf6 Nxf6 20. Qd4 Kg7 21. b4 {0-1 (41) Uuriintuya,U (2216)-Agibileg,U (2302) Harbin 2018}) 16... Bf6 17. Bxf6 ({White should try} 17. f5 $14) 17... Nxf6 $11 18. Qd4 Qc5 19. b4 e5 (19... Qxd4+ {is more complex.} 20. Rxd4 Rfc8 21. e5 dxe5 22. fxe5 Bd5) 20. fxe5 Qxd4+ 21. Rxd4 dxe5 22. Rd6 $36 {[%mdl 2048] White has the initiative.} Nxe4 $2 {[#]} (22... Ne8 $1 $11 {and Black stays safe.} 23. Rd3 Nc7) 23. Rxc6 $1 $18 {[%mdl 512]} Nd2 (23... bxc6 24. Nxe4) 24. Rc5 Nxf1 25. Kxf1 ({Much less strong is} 25. Bxf1 $6 a5 $14) 25... Rfc8 26. Ne4 Rxc5 $2 (26... f5) 27. Nxc5 Rb8 (27... b5 {was called for.} 28. Bf3 (28. axb5 axb5 29. Bxb5 Ra1+ 30. Ke2 Rb1 $16) 28... Rd8) 28. a5 {White is clearly winning.} f5 29. Bc4+ Kg7 30. Bd5 b5 31. Nxa6 Rd8 32. Bc6 Rc8 33. Bxb5 Rxc2 34. Nc5 e4 35. a6 Ra2 36. Na4 {Accuracy: White = 76%, Black = 25%.} 1-0

[Event "Velammal-AICF Women GM 2019"]
[Site "Chennai"]
[Date "2019.02.03"]
[Round "10"]
[White "Babiy, Olga"]
[Black "Sapale Saloni"]
[Result "1-0"]
[WhiteElo "2275"]
[BlackElo "2198"]
[Annotator "NA"]
[PlyCount "119"]
[EventDate "2019.01.28"]
[EventType "swiss"]
[EventCountry "IND"]
[SourceTitle "playchess.com"]
[Source "ChessBase"]
[SourceQuality "1"]
[TimeControl "5400+30"]

{[%evp 23,119,45,38,42,43,35,38,31,25,36,44,21,23,9,55,58,79,108,107,10,24,-30,-60,-34,112,107,134,118,176,190,220,282,32767,32767,32767,32767,32767,32767,32767,32767,408,32767,32767,32767,32767,32767,32767,32767,32767,32767,268,222,213,241,227,227,210,227,207,233,32767,223,253,293,237,304,297,191,32767,32767,196,32767,32767,32767,32767,32767,32767,258,248,264,383,489,481,516,415,449,523,552,1697,668,6019,10705,1662,995,4618,29970,29970,6257]} 1. e4 {[%emt 0:00:58]} e6 {[%emt 0:00:00]} 2. d4 {[%emt 0:00:30]} d5 {[%emt 0:00:24]} 3. Nc3 {[%emt 0:00:00]} Bb4 {[%emt 0:00:00]} 4. e5 {[%emt 0:00:57]} c5 {[%emt 0:00:00]} 5. a3 {[%emt 0:00:06]} Bxc3+ {[%emt 0:00:00]} 6. bxc3 {[%emt 0:00:05]} Ne7 {[%emt 0:00:05]} 7. Qg4 {[%emt 0:00:38]} Qc7 {[%emt 0:00:13]} 8. Qxg7 {[%emt 0:00:17]} Rg8 {[%emt 0:00:07]} 9. Qxh7 {[%emt 0:00:04]} cxd4 {[%emt 0:00:15]} 10. Ne2 {[%emt 0:00:31]} Nbc6 {[%emt 0:00:46]} 11. f4 {[%emt 0:00:21]} dxc3 {[%emt 0:00:10]} 12. Qd3 {[%emt 0:00:49]} d4 {[%emt 0:00:34]} 13. Nxd4 {[%emt 0:21:27]} Nxd4 {[%emt 0:00:09]} 14. Qxd4 {[%emt 0:00:06]} Bd7 {[%emt 0:00:10]} 15. Rg1 {[%emt 0:10:51]} Nf5 {[%emt 0:01:41]} 16. Qf2 $1 {[%emt 0:00:20]} Qc6 {[%emt 0:05:44]} 17. Bd3 {[%emt 0:05:54]} Qd5 $1 {[%emt 0:02:41]} 18. a4 {[%emt 0:06:33]} Bc6 {[%emt 0:18:29]} 19. Ra3 $1 {[%emt 0:04:39]} Rd8 {[%emt 0:12:24]} 20. Rxc3 {[%emt 0:06:19]} Qa5 {[%emt 0:00:11]} 21. Bd2 {[%emt 0:00:11]} ({White should try} 21. Qc5 $16 Qxa4 22. Ra3) 21... Qxa4 {[%emt 0:01:05]} 22. Qc5 {[%emt 0:13:42]} Rd5 $1 {[%emt 0:10:59]} 23. Qc4 {[%emt 0:01:24]} Qxc4 $2 {[%emt 0:01:04]} (23... Qa5 $15 {stays ahead.} 24. Rb3 Qd8) 24. Rxc4 {[%emt 0:05:57]} Rd8 {[%emt 0:07:47]} 25. Kf2 {[%emt 0:00:31]} Nh4 {[%emt 0:00:21]} 26. g3 {[%emt 0:03:32]} Bd5 {[%emt 0:07:21]} 27. Rc3 {[%emt 0:02:40]} Nf5 {[%emt 0:11:49]} 28. Ra3 {[%emt 0:01:21]} a6 {[%emt 0:01:29]} 29. Bb4 {[%emt 0:00:12]} Rh8 {[%emt 0:05:02]} 30. h4 {[%emt 0:00:21]} Kd7 {[%emt 0:00:38]} 31. Rd1 {[%emt 0:04:33]} Nxg3 {[%emt 0:04:33]} 32. Kxg3 {[%emt 0:01:05]} Rdg8+ {[%emt 0:00:05]} 33. Kf2 {[%emt 0:00:05]} Rxh4 {[%emt 0:00:09]} 34. Ke3 {[%emt 0:01:24]} Rg3+ {[%emt 0:00:15]} 35. Kd2 {[%emt 0:01:15]} Rxf4 {[%emt 0:01:53]} 36. Ba5 {[%emt 0:01:58]} Bc4 {[%emt 0:02:45]} (36... Bc6 $142 37. Kc1 Ke8) 37. Kc1 {[%emt 0:02:26]} Bxd3 {[%emt 0:00:05]} 38. Raxd3+ {[%emt 0:01:31]} Rxd3 {[%emt 0:00:05]} 39. Rxd3+ {[%emt 0:00:01]} ({Resist} 39. cxd3 $6 Rf2 $16) 39... Kc6 {[%emt 0:00:12]} 40. Rd6+ {[%emt 0:00:19]} Kb5 {[%emt 0:00:55]} 41. Bd8 {[%emt 0:00:07]} Kc5 {[%emt 0:01:39]} 42. Bb6+ {[%emt 0:00:34]} Kb5 {[%emt 0:00:59]} 43. c3 {[%emt 0:01:23]} f6 {[%emt 0:02:59]} 44. exf6 {[%emt 0:01:01]} ({Don't play} 44. Rxe6 $6 fxe5 45. Kd2 Kc4 $18) 44... Rxf6 {[%emt 0:00:04]} 45. Bd4 {[%emt 0:00:38]} Rf7 {[%emt 0:00:33]} 46. Rxe6 {[%emt 0:00:20]} Kc4 {[%emt 0:00:07]} 47. Rb6 {[%emt 0:01:11]} Rh7 {[%emt 0:00:27]} 48. Kb2 {[%emt 0:00:23]} Rf7 {[%emt 0:00:47]} 49. Ka3 {[%emt 0:00:41]} Rh7 {[%emt 0:02:15]} 50. Ka4 {[%emt 0:00:15]} Rf7 {[%emt 0:00:57]} 51. Rb4+ {[%emt 0:00:16]} Kd5 {[%emt 0:00:42]} 52. Ka5 {[%emt 0:00:38]} Rh7 {[%emt 0:01:15]} 53. Kb6 {[%emt 0:01:24]} Rf7 {[%emt 0:00:28]} 54. Ra4 {[%emt 0:01:21]} Rh7 {[%emt 0:00:27]} 55. Ra5+ {[%emt 0:00:23]} Kd6 {[%emt 0:00:06]} 56. Be5+ {[%emt 0:00:28]} (56. c4 $142 Rf7 57. Be5+ Ke6 58. Bc7) 56... Ke6 {[%emt 0:00:37]} 57. Bc7 {[%emt 0:00:27]} Rh3 {[%emt 0:00:50]} 58. Rc5 {[%emt 0:00:24]} Rh4 {[%emt 0:00:37]} 59. Kxb7 {[%emt 0:00:25]} Ra4 {[%emt 0:00:13]} 60. Ba5 $18 {[%emt 0:00:37] Kd5} 1-0

[Event "Velammal-AICF Women GM 2019"]
[Site "Chennai"]
[Date "2019.02.03"]
[Round "10"]
[White "Aakanksha Hagawane"]
[Black "Divya Deshmukh"]
[Result "1-0"]
[WhiteElo "2259"]
[BlackElo "2168"]
[Annotator "TA"]
[PlyCount "113"]
[EventDate "2019.01.28"]
[EventType "swiss"]
[EventCountry "IND"]
[SourceTitle "playchess.com"]
[Source "ChessBase"]
[SourceQuality "1"]

{[%evp 21,113,-10,2,0,0,0,0,0,27,20,27,30,50,19,10,3,0,6,0,-12,55,93,131,123,124,119,298,299,281,275,265,237,329,345,337,348,390,335,398,390,410,366,408,401,422,344,379,376,474,463,423,412,508,508,506,495,491,470,488,279,500,470,951,921,996,981,1392,1391,1274,936,1583,1583,1569,1569,1525,1434,1336,1191,1643,1516,6609,6087,29981,29982,29981,29982,29984,29985,29986,29987,29987,29988,29988,29989]} 1. e4 c5 2. Nf3 d6 3. d4 cxd4 4. Nxd4 Nf6 5. Nc3 a6 6. f4 e5 7. Nf3 Nbd7 8. a4 Qc7 9. Bd3 Be7 10. O-O O-O 11. Kh1 b6 {LiveBook: 27 Games} 12. Nh4 {B93: Sicilian Najdorf: 6 f4} (12. Qe1 Bb7 13. Nh4 g6 14. f5 Kg7 15. Bg5 Qd8 16. Rf3 Nh5 17. Bxe7 Qxe7 18. Qf2 Ndf6 19. fxg6 hxg6 20. Qxb6 Rab8 {0-1 (45) Lastin,A (2643)-Miroshnichenko,E (2684) Konya 2010}) 12... Nc5 13. fxe5 dxe5 14. Bg5 {The position is equal.} Qd6 15. Nf5 $146 ({Predecessor:} 15. Qe1 h6 16. Bxf6 Bxf6 17. Rd1 Bxh4 18. Qxh4 Qd8 19. Qf2 Bg4 {1-0 (36) Harm,J-Tacke,H Germany 1991}) 15... Bxf5 $1 16. Rxf5 Nxd3 17. cxd3 Nd7 18. Bxe7 Qxe7 19. Nd5 Qd6 20. Qg4 Kh8 ({Better is} 20... f6 $11) 21. Raf1 $14 Rac8 {[#]} 22. h3 $1 f6 23. Rh5 $40 {[%mdl 128] Hoping for Qg6. White wants a kill.} Rfe8 $2 (23... Kg8 $16) 24. Qg6 $1 $18 {[%csl Gh5][%cal Rg6h7]} Nf8 {[#]} 25. Rxf6 $1 {[%mdl 512]} Nxg6 (25... gxf6 26. Nxf6) 26. Rxd6 Nf4 27. Nxf4 exf4 28. Rxb6 {[%mdl 4096] Endgame KRR-KRR} Rc1+ 29. Kh2 Rd1 {[#]} 30. Re5 $1 {[%cal Re5e8][%mdl 512]} Rg8 (30... Rxe5 31. Rb8+) 31. Rf5 Rxd3 32. Rxf4 Rd4 33. b3 g5 34. Rg4 a5 35. Rb5 h6 36. e5 {[%cal Be4e5,Be5e6,Be6e7][%mdl 32]} Rd3 37. Re4 Kg7 38. e6 Re8 39. e7 Kf7 40. Rb7 (40. Rf5+ $142 Kg7 41. Rxa5) 40... h5 $2 (40... Rd5 41. Re3 Rc5) 41. Re5 g4 (41... h4 $142 42. Rf5+ Ke6) 42. h4 Kf6 43. Rxh5 Rxe7 44. Rxe7 Kxe7 45. Rxa5 Rxb3 {KR-KR} 46. Rb5 Ra3 47. Rb4 g3+ 48. Kh3 Kf6 49. Rg4 Kf5 50. h5 {[%cal Bh4h5,Bh5h6,Bh6h7][%mdl 32]} Rb3 51. h6 Rb8 52. h7 {White mates.} Rh8 53. Rh4 Kg6 54. Kxg3 Kg5 55. a5 {[%cal Ba4a5,Ba5a6,Ba6a7][%mdl 32]} Kg6 56. a6 Kg7 57. a7 {Precision: White = 87%, Black = 27%.} 1-0

[Event "Velammal-AICF Women GM 2019"]
[Site "Chennai"]
[Date "2019.02.03"]
[Round "10"]
[White "Chandreyee, Hajra"]
[Black "Michelle Catherina, P."]
[Result "*"]
[WhiteElo "1925"]
[BlackElo "2175"]
[Annotator "ChessBase"]
[PlyCount "91"]
[EventDate "2019.01.28"]
[EventType "swiss"]
[EventCountry "IND"]
[SourceTitle "playchess.com"]
[Source "ChessBase"]
[SourceQuality "1"]
[TimeControl "5400+30"]

1. e4 {[%emt 0:00:33]} e5 {[%emt 0:02:48]} 2. Nf3 {[%emt 0:00:06]} Nc6 {[%emt 0:00:04]} 3. Bb5 {[%emt 0:00:05]} a6 {[%emt 0:01:35]} 4. Ba4 {[%emt 0:00:06]} Nf6 {[%emt 0:00:06]} 5. d3 {[%emt 0:00:05]} d6 {[%emt 0:03:04]} 6. O-O {[%emt 0:00:27]} g6 {[%emt 0:04:10]} 7. Bxc6+ {[%emt 0:04:53]} bxc6 {[%emt 0:00:05]} 8. d4 {[%emt 0:01:40]} Bg7 {[%emt 0:13:21]} 9. dxe5 {[%emt 0:01:47]} Nxe4 {[%emt 0:01:34]} 10. Re1 {[%emt 0:14:01]} d5 {[%emt 0:04:06]} 11. Nd4 {[%emt 0:07:35]} Bd7 {[%emt 0:13:02]} 12. f3 {[%emt 0:06:12]} Ng5 {[%emt 0:08:51]} 13. h4 {[%emt 0:07:41]} Ne6 {[%emt 0:03:05]} 14. Nxe6 {[%emt 0:00:13]} Bxe6 {[%emt 0:01:05]} 15. Bg5 {[%emt 0:04:09]} Qb8 {[%emt 0:02:47]} 16. b3 {[%emt 0:02:04]} O-O {[%emt 0:04:24]} 17. Bf6 {[%emt 0:04:59]} Qb6+ {[%emt 0:04:12]} 18. Kh2 {[%emt 0:01:26]} Bxf6 {[%emt 0:02:20]} 19. exf6 {[%emt 0:00:26]} Qf2 {[%emt 0:00:23]} 20. h5 {[%emt 0:01:21]} Qh4+ {[%emt 0:02:35]} 21. Kg1 {[%emt 0:00:07]} Qxf6 {[%emt 0:00:21]} 22. c3 {[%emt 0:01:48]} c5 {[%emt 0:03:20]} 23. hxg6 {[%emt 0:01:28]} hxg6 {[%emt 0:00:25]} 24. Qd2 {[%emt 0:03:08]} Kg7 {[%emt 0:02:35]} 25. Qf2 {[%emt 0:02:50]} Qe7 {[%emt 0:03:52]} 26. Qg3 {[%emt 0:02:12]} Rh8 {[%emt 0:02:10]} 27. Qe5+ {[%emt 0:04:06]} Kg8 {[%emt 0:00:23]} 28. Na3 {[%emt 0:02:31]} Rh5 {[%emt 0:03:04]} 29. Qf4 {[%emt 0:04:58]} Kg7 {[%emt 0:00:46]} 30. g4 {[%emt 0:03:23]} Rh3 {[%emt 0:07:32]} 31. Qe5+ {[%emt 0:00:41]} Qf6 {[%emt 0:00:18]} 32. Qxf6+ {[%emt 0:03:13]} Kxf6 {[%emt 0:00:01]} 33. Kf2 {[%emt 0:02:29]} Rh2+ {[%emt 0:01:45]} 34. Ke3 {[%emt 0:00:19]} Re8 {[%emt 0:02:21]} 35. Kd3 {[%emt 0:00:49]} Reh8 {[%emt 0:00:36]} 36. Re2 {[%emt 0:02:33]} Rxe2 {[%emt 0:00:58]} 37. Kxe2 {[%emt 0:00:06]} Rh2+ {[%emt 0:00:39]} 38. Kd3 {[%emt 0:00:48]} Ke5 {[%emt 0:02:04]} 39. c4 {[%emt 0:03:02]} d4 {[%emt 0:01:53]} 40. Nc2 {[%emt 0:02:29]} Rf2 {[%emt 0:00:11]} 41. Re1+ {[%emt 0:02:02]} Kd6 {[%emt 0:00:48]} 42. b4 {[%emt 0:01:39]} Bxc4+ {[%emt 0:00:35]} 43. Kxc4 {[%emt 0:00:17]} Rxc2+ {[%emt 0:00:02]} 44. Kd3 {[%emt 0:00:52]} Rc3+ {[%emt 0:00:10]} 45. Ke4 {[%emt 0:00:12]} cxb4 {[%emt 0:00:17]} 46. Kxd4 {[%emt 0:00:45]} *

[Event "Velammal-AICF Women GM 2019"]
[Site "Chennai"]
[Date "2019.02.04"]
[Round "11.1"]
[White "Michelle Catherina, P."]
[Black "Osmak, Iulija"]
[Result "0-1"]
[WhiteElo "2175"]
[BlackElo "2394"]
[Annotator "TA"]
[PlyCount "126"]
[EventDate "2019.01.28"]
[EventType "swiss"]
[EventCountry "IND"]
[SourceTitle "playchess.com"]
[Source "ChessBase"]
[SourceQuality "1"]

{[%evp 19,126,20,11,0,27,33,60,39,30,38,45,36,58,26,54,-13,0,-50,-41,-48,-39,-56,-31,-68,-64,-92,-62,-104,-68,-63,-65,-67,-74,-68,-63,-118,-66,-85,-75,-69,-64,-112,-102,-119,-92,-219,-197,-176,-133,-275,-273,-270,-260,-285,-282,-282,-265,-270,-268,-349,-352,-350,-335,-451,-450,-515,-486,-478,-508,-493,-466,-475,-452,-574,-535,-748,-726,-785,-747,-866,-698,-860,-848,-797,-746,-920,-882,-773,-697,-682,-664,-2226,-1693,-2448,-2118,-2699,-2421,-2282,-2137,-29970,-2007,-29981,-29982,-29982,-29983,-29983,-29984,-29984,-29985]} 1. e4 e6 2. d4 d5 3. Nc3 Bb4 4. exd5 exd5 5. Bd3 Ne7 $146 (5... Nc6 6. a3 Bxc3+ 7. bxc3 Nge7 8. Qf3 Be6 {½-½ (71) Ferreira,J (2413)-Berg,E (2554) Caldas da Rainha 2014}) ({Predecessor:} 5... Nc6 6. a3 Bxc3+ 7. bxc3 Nge7 8. Qf3 Be6 {0-1 (38) Freter,A (1879)-Just,A (1990) Bodenmais 2017}) 6. Qf3 Nbc6 {[%cal Bb8c6,Bc6a5,Ba5c4][%mdl 32]} 7. Nge2 Be6 8. a3 Bxc3+ 9. bxc3 Qd7 10. O-O O-O-O 11. a4 {C01: French: Exchange Variation} (11. Re1 h5 12. h3 f6 13. Nf4 Bf7 14. Bb5 a6 15. Rxe7 Qxe7 16. Bxc6 bxc6 17. Nd3 Bg6 18. Nc5 Qe1+ {½-½ (71) Ferreira,J (2413)-Berg,E (2554) Caldas da Rainha 2014}) 11... Na5 12. Rb1 ({Predecessor:} 12. Ba3 Nec6 13. Rfb1 Bg4 14. Qf4 Rde8 15. Ng3 Nc4 16. h3 Be6 17. Bb4 h5 18. a5 h4 {0-1 (38) Freter,A (1879)-Just,A (1990) Bodenmais 2017}) 12... Ng6 13. h3 {White is slightly better.} Nh4 14. Qh5 Nf5 15. Nf4 Nc4 16. Re1 g6 17. Qd1 (17. Qf3 $14 Qc6 18. Rb4) 17... Rhe8 $11 18. Nxe6 Rxe6 19. Rxe6 Qxe6 20. Bf4 Nfd6 (20... Re8 {seems wilder.} 21. Qg4 h5 22. Qg5 Nfd6 23. f3 f5) 21. Bxd6 Nxd6 22. Qf3 Re8 23. Qf4 f5 24. Qh6 Qf7 25. a5 a6 26. h4 Re6 27. Kf1 {[#]} (27. Qc1 $15) 27... Qe7 (27... Ne4 $1 $17 {aiming for ...g5.} 28. Bxe4 fxe4) 28. Qg5 Qxg5 29. hxg5 $17 {[%mdl 4096] Endgame KRB-KRN} f4 30. Be2 Re7 31. Bg4+ Kd8 32. f3 (32. Be2 $17) 32... c6 $19 33. Kf2 Nf7 34. Rh1 (34. Rb4 $17) 34... Nxg5 35. Rh6 Rg7 36. g3 Nf7 37. Rh1 fxg3+ 38. Kxg3 Nd6 39. Rd1 Nc4 40. Ra1 Re7 41. Kf4 Re3 42. Rb1 Kc7 43. Rh1 h5 44. Bh3 {[#]} g5+ $1 {[%mdl 512]} 45. Kxg5 Rxf3 46. Bf1 Rxc3 47. Bd3 Nxa5 48. Kf4 Nc4 49. Rxh5 a5 50. Rh8 Kb6 51. Ra8 Ra3 52. Bf1 Ra2 53. Bd3 Na3 54. c3 Nc4 55. Bxc4 dxc4 {KR-KR} 56. Rh8 Rc2 57. Rh3 a4 {[%cal Ba5a4,Ba4a3,Ba3a2][%mdl 32]} 58. Ke4 a3 59. d5 cxd5+ (59... a2 $142 60. Rh1 cxd5+ 61. Kd4 Rd2+ 62. Ke5 Kc5 63. Kf5 d4 64. cxd4+ Rxd4 65. Ra1 Rd2 66. Ke4 b5 67. Rg1 c3 68. Rg5+ Kb4 69. Rg1 c2 70. Kf3 Rd1 71. Rg4+ Kb3 72. Rg2 c1=Q 73. Rxa2 Kxa2 74. Ke4 Qg5 75. Kf3 Rd3+ 76. Ke2 Qd2+ 77. Kf1 Re3 78. Kg1 Re1#) 60. Kxd5 a2 {Black mates.} 61. Rh1 Rxc3 62. Ra1 Rc2 63. Kd4 Kb5 {Accuracy: White = 22%, Black = 81%.} 0-1

[Event "Velammal-AICF Women GM 2019"]
[Site "Chennai"]
[Date "2019.02.04"]
[Round "11.2"]
[White "Divya Deshmukh"]
[Black "Chandreyee, Hajra"]
[Result "1-0"]
[WhiteElo "2168"]
[BlackElo "1925"]
[Annotator "TA"]
[PlyCount "113"]
[EventDate "2019.01.28"]
[EventType "swiss"]
[EventCountry "IND"]
[SourceTitle "playchess.com"]
[Source "ChessBase"]
[SourceQuality "1"]

{[%evp 10,113,28,2,27,15,33,33,36,33,35,31,43,30,45,45,52,45,48,0,0,2,28,23,29,11,25,30,12,10,39,17,68,25,27,30,33,41,29,27,45,27,68,70,62,39,50,45,104,105,123,114,123,124,123,123,123,107,154,150,171,116,147,144,146,140,140,120,106,110,263,237,217,222,997,1073,911,911,828,817,4702,1590,758,58,29970,29971,29971,29974,29963,12799,29982,29983,29981,29982,29987,29988,29988,29989,29991,29992,29992,29993,29994,29993,29993,29994]} 1. e4 c6 2. Nc3 d5 3. Nf3 Bg4 4. h3 Bxf3 5. Qxf3 e6 6. g3 Nd7 $146 {B11: Caro-Kann: Two Knights Variation} ({Predecessor:} 6... Nf6 7. Bg2 Nbd7 8. d4 dxe4 {½-½ (47) Neiksans,A (2620)-Chigaev,M (2550) Liepaja 2016}) 7. d4 dxe4 8. Nxe4 Ngf6 {White is slightly better.} 9. Bg2 Nxe4 10. Qxe4 Nf6 11. Qd3 g6 ({Predecessor:} 11... Be7 12. O-O O-O 13. Re1 Qb6 14. c3 Rfd8 15. Qe2 a5 {½-½ (47) Neiksans,A (2620)-Chigaev,M (2550) Liepaja 2016}) 12. O-O Bg7 13. Qb3 Qb6 14. c4 O-O 15. Be3 Rfd8 16. Qc2 Qa5 17. a3 Rac8 18. b4 Qc7 19. Rac1 Qd7 20. a4 b5 (20... a6 $11) 21. cxb5 cxb5 22. Bc6 Qd6 {White must now prevent ...Nd5.} 23. axb5 Nd5 24. Qc5 {Qxd6 is the strong threat.} Qb8 25. Bg5 Bf6 26. Bxf6 Nxf6 27. Ra1 Ne4 28. Qxa7 Qxa7 (28... Nd2 $14) 29. Rxa7 $16 Nc3 30. Re1 Rb8 {[#]} 31. Re5 $1 Rxd4 32. Rc5 Nd5 33. Bxd5 exd5 {[%mdl 4096] Endgame [#] KRR-KRR} 34. Rcc7 $1 {[%cal Rc7f7]} Rf8 35. Rd7 ({Better is} 35. b6 $18 {Threatens to win with b7.} Rxb4 36. b7) 35... Kg7 36. Kg2 h5 37. h4 Kf6 38. Rd6+ Ke5 39. Rad7 f6 $2 (39... Re8 $16 {might work better.} 40. b6 Rxb4) 40. b6 $18 g5 41. b7 Rxb4 $2 (41... Rb8 42. hxg5 fxg5) 42. Rxd5+ Ke6 43. f4 gxf4 44. gxf4 {[%csl Gd5][%cal Rf4f5]} Rg8+ 45. Kf3 {[%csl Gd5][%cal Rf4f5]} Rb3+ 46. Rd3 $2 (46. Ke4 $18 {[%csl Gd5,Ge4][%cal Rf4f5]} Rb4+ 47. Ke3 Rb3+ 48. Kd4) 46... Rb5 $2 {[%mdl 8192]} (46... Rb6 $14) 47. R3d6+ Kf5 48. Rd5+ Rxd5 49. Rxd5+ {KR-KR} Kg6 50. Rb5 {White mates.} Rb8 51. Ke4 Kh6 52. Kd5 Kg6 53. Kc6 Rg8 54. f5+ Kg7 55. b8=Q Kh6 56. Qf4+ Kh7 57. Rb7+ {Accuracy: White = 65%, Black = 34%.} 1-0